=LDR 00000nam 2200000 4500 =001 NUTBA000000000000040 =005 20140314111241.0 =006 =007 =008 =035 ##$$0010-031400000000039 =082 ##$$a 658.15 =100 ##$$a halim, abdul =245 ##$$a pengelolaan keuangan daerah =250 ##$$a pertama =260 ##$$a yogyakarta$bupp stim =300 ##$$a 283 hlm =990 ##$$a 0102/PN/2014 =990 ##$$a 21196426/BPAP-NTB/2014 =990 ##$$a 0001/BPAP-NTB/20142015